[Event "DEM U18w 2014"]
[Site "Magdeburg GER"]
[Date "2014.06.14"]
[Round "9"]
[White "Schmalhorst, Sophia"]
[Black "Winterholler, Christina"]
[Result "1-0"]
[Termination "normal"]
[Board "1"]
[WhiteElo "1917"]
[BlackElo "1958"]
[WhiteClock "00:18:18"]
[BlackClock "00:02:11"]
[PlyCount "142"]
[WhiteFideId "24682497"]
[BlackFideId "24652105"]
[EventCountry "GER"]
[EventRounds "9"]
[EventType "swiss"]
[EventDate "2014.06.07"]

1. e4 e5 2. Nf3 Nc6 3. Bc4 Bc5 4. c3 Nf6 5. d3 a6 6. Bb3 Ba7 7. Nbd2 d6 8. Nf1
Ne7 9. Ng3 Ng6 10. Bg5 h6 11. Bxf6 gxf6 12. Nd2 Nf4 13. Qf3 Rg8 14. h3 Qe7 15.
Ndf1 Be6 16. O-O-O O-O-O 17. Ne3 Qd7 18. Rhg1 Qb5 19. Kc2 Qc5 20. Nh5 Nxh5 21.
Qxh5 Bxb3+ 22. axb3 Rg6 23. Qf3 c6 24. b4 Qb6 25. Nf5 Qc7 26. Nh4 Rg5 27. Qxf6
d5 28. Qxh6 Rdg8 29. Qf6 Kb8 30. Qf3 d4 31. Nf5 c5 32. bxc5 Bxc5 33. c4 b5 34.
Ra1 R5g6 35. h4 Bb4 36. b3 Rc6 37. Qe2 Rd8 38. Rgc1 bxc4 39. bxc4 Rxc4+ 40. Kd1
Rc3 41. Rxc3 Qxc3 42. Rc1 Qb3+ 43. Qc2 Qc3 44. Qxc3 dxc3 45. Kc2 Rg8 46. g3 a5
47. Rb1 Kc7 48. f3 Kd7 49. g4 Ke6 50. Ne3 Rh8 51. h5 Kf6 52. Nd5+ Kg5 53. Nxb4
axb4 54. Rxb4 Kf4 55. Rb7 Rh7 56. Re7 Kxf3 57. Rxe5 f6 58. Rf5+ Kxg4 59. Kxc3
Rc7+ 60. Kd4 Rd7+ 61. Ke3 Rh7 62. Rxf6 Kxh5 63. d4 Ra7 64. Kf4 Ra1 65. d5 Rf1+
66. Ke5 Ra1 67. Rf8 Ra5 68. Rg8 Kh6 69. Ke6 Ra6+ 70. d6 Kh7 71. Rg1 Ra7 1-0

[Event "DEM U18w 2014"]
[Site "Magdeburg GER"]
[Date "2014.06.14"]
[Round "9"]
[White "Kuckling, Hannah"]
[Black "Steimbach, Isabel"]
[Result "1-0"]
[Termination "normal"]
[Board "2"]
[WhiteElo "1972"]
[BlackElo "1775"]
[WhiteClock "00:30:31"]
[BlackClock "00:18:26"]
[PlyCount "91"]
[WhiteFideId "24603660"]
[BlackFideId "24692174"]
[EventCountry "GER"]
[EventRounds "9"]
[EventType "swiss"]
[EventDate "2014.06.07"]

1. e4 c5 2. Nc3 Nc6 3. Bb5 Nd4 4. Bc4 d6 5. Nge2 g6 6. Nxd4 cxd4 7. Ne2 Bg7 8.
d3 e6 9. O-O Ne7 10. f4 O-O 11. Bb3 a5 12. a4 Bd7 13. Qe1 b5 14. axb5 Bxb5 15.
Ng3 a4 16. Ba2 Bd7 17. f5 gxf5 18. Nh5 Ng6 19. Nxg7 Kxg7 20. exf5 exf5 21. Qg3
Be6 22. Bg5 Qd7 23. Qh3 h5 24. Qxh5 Rh8 25. Qf3 Qb5 26. Bxe6 fxe6 27. Rae1 Rae8
28. c4 Qb6 29. Ra1 Ra8 30. Rfe1 Kf7 31. Qe2 e5 32. Qf3 f4 33. Qd5+ Kg7 34. Qe6
Rhf8 35. h4 Rae8 36. Qd7+ Kg8 37. Bh6 Re7 38. Qg4 Rf6 39. Bg5 Kf7 40. Bxf6 Kxf6
41. Qg5+ Kf7 42. h5 Nf8 43. Rxa4 Qxb2 44. Ra8 Re6 45. Qf5+ Rf6 46. Ra7+ 1-0

[Event "DEM U18w 2014"]
[Site "Magdeburg GER"]
[Date "2014.06.14"]
[Round "9"]
[White "Diederichs, Luise"]
[Black "Herbrig, Marie-Helen"]
[Result "1-0"]
[Termination "normal"]
[Board "3"]
[WhiteElo "1970"]
[BlackElo "1659"]
[WhiteClock "00:09:35"]
[BlackClock "00:05:57"]
[PlyCount "179"]
[WhiteFideId "24661597"]
[BlackFideId "12900427"]
[EventCountry "GER"]
[EventRounds "9"]
[EventType "swiss"]
[EventDate "2014.06.07"]

1. d4 Nf6 2. Nf3 e6 3. Bg5 h6 4. Bh4 b6 5. e3 Bb7 6. Nbd2 Be7 7. c3 c5 8. Qc2
Nc6 9. Bd3 Rc8 10. a3 O-O 11. h3 cxd4 12. exd4 Nd5 13. Bg3 d6 14. O-O a6 15.
Rfe1 b5 16. Qd1 Qb6 17. Nh2 Na5 18. Bb1 Qc6 19. f3 Bg5 20. Qc2 g6 21. Rxe6 Qd7
22. Rxd6 Qe7 23. Ba2 Qe3+ 24. Bf2 Qf4 25. Ne4 Ne3 26. Bxe3 Qxe3+ 27. Nf2 Bf4
28. Nhg4 Qe7 29. Qxg6+ Kh8 30. Qf6+ Qxf6 31. Rxf6 Bg5 32. Rxf7 Rxf7 33. Bxf7
Rc7 34. Bg6 Nc4 35. Rb1 Re7 36. Be4 Bc8 37. Ne5 Nxe5 38. dxe5 Rxe5 39. Rd1 Kg7
40. Ng4 Re7 41. Kf2 Be6 42. Ne3 Kf7 43. Rd6 Bc8 44. Ng4 Bxg4 45. hxg4 Ra7 46.
Rd1 a5 47. Rd5 b4 48. cxb4 axb4 49. axb4 Ra2 50. Kg3 Rxb2 51. b5 Be3 52. Rf5+
Kg7 53. Bc6 Rb4 54. Rd5 Kg6 55. Rd1 Kg5 56. Kh3 Rb3 57. g3 Kf6 58. Rf1 Kg7 59.
f4 Rb2 60. g5 hxg5 61. Kg4 gxf4 62. gxf4 Kf6 63. Kf3 Bd2 64. Rd1 Kf5 65. Be4+
Kf6 66. Rb1 Rxb1 67. Bxb1 Ba5 68. Ke4 Bc7 69. f5 Ke7 70. Kd5 Kd8 71. f6 Ke8 72.
Bg6+ Kd7 73. Bf5+ Kd8 74. Kc6 Be5 75. f7 Ke7 76. Be6 Bg7 77. Bd5 Kd8 78. Kb7
Kd7 79. b6 Bf8 80. Ka8 Bd6 81. b7 Ke7 82. b8=Q Bxb8 83. Kxb8 Kf8 84. Kc7 Ke7
85. Bc4 Kf8 86. Kd7 Kg7 87. Ke7 Kg6 88. f8=Q Kg5 89. Qf6+ Kg4 90. Be2+ 1-0

[Event "DEM U18w 2014"]
[Site "Magdeburg GER"]
[Date "2014.06.14"]
[Round "9"]
[White "Spiegelberg, Silvia"]
[Black "Triantafillidis, Zoe"]
[Result "1-0"]
[Termination "normal"]
[Board "6"]
[WhiteElo "1925"]
[BlackElo "1721"]
[WhiteClock "00:35:09"]
[BlackClock "00:13:35"]
[PlyCount "51"]
[WhiteFideId "24654450"]
[BlackFideId "12900150"]
[EventCountry "GER"]
[EventRounds "9"]
[EventType "swiss"]
[EventDate "2014.06.07"]

1. e4 e6 2. d4 d5 3. exd5 exd5 4. c4 dxc4 5. Bxc4 Bb4+ 6. Nc3 Nc6 7. Nge2 Nge7
8. d5 Bxc3+ 9. Nxc3 Ne5 10. Bb3 O-O 11. O-O Bf5 12. Bg5 N5g6 13. Re1 a6 14. Qf3
Re8 15. Rad1 Qd6 16. Ne4 Bxe4 17. Rxe4 Rad8 18. Rde1 h6 19. Bd2 Rf8 20. Bb4 Ne5
21. Bxd6 Nxf3+ 22. gxf3 Rxd6 23. Rxe7 c6 24. dxc6 bxc6 25. Ra7 c5 26. Re5 1-0

[Event "DEM U18w 2014"]
[Site "Magdeburg GER"]
[Date "2014.06.14"]
[Round "9"]
[White "Tettmann, Ann-Kathrin"]
[Black "Paliy, Margaryta"]
[Result "1-0"]
[Termination "normal"]
[Board "7"]
[WhiteElo "1802"]
[BlackElo "1620"]
[WhiteClock "00:52:24"]
[BlackClock "01:01:48"]
[PlyCount "63"]
[WhiteFideId "12945676"]
[BlackFideId "24692417"]
[EventCountry "GER"]
[EventRounds "9"]
[EventType "swiss"]
[EventDate "2014.06.07"]

1. c4 Nf6 2. g3 e6 3. Bg2 g6 4. Nf3 c5 5. O-O Bg7 6. d4 Na6 7. Nc3 O-O 8. e4 d5
9. cxd5 exd5 10. e5 Nd7 11. Nxd5 cxd4 12. Bg5 Qe8 13. Be7 Nxe5 14. Nxe5 Bxe5
15. Re1 Bg7 16. Bxf8 Qxf8 17. Ne7+ Kh8 18. Nxc8 Qxc8 19. Re7 Qc5 20. Rxf7 Rd8
21. Rf3 Nb4 22. a3 Nc6 23. Rc1 Qd6 24. Rd3 Ne5 25. Rxd4 Nf3+ 26. Qxf3 Qxd4 27.
Qxb7 Qxb2 28. Qc7 Rf8 29. Qc5 Qf6 30. Qxa7 Rf7 31. Qe3 Qd4 32. Rc8+ 1-0

[Event "DEM U18w 2014"]
[Site "Magdeburg GER"]
[Date "2014.06.14"]
[Round "9"]
[White "Wulf, Constanze"]
[Black "Halas, Lena"]
[Result "0-1"]
[Termination "normal"]
[Board "8"]
[WhiteElo "1623"]
[BlackElo "1672"]
[PlyCount "108"]
[WhiteFideId "24692379"]
[BlackFideId "12931799"]
[EventCountry "GER"]
[EventRounds "9"]
[EventType "swiss"]
[EventDate "2014.06.07"]

1. d4 d5 2. c4 dxc4 3. e3 e5 4. Bxc4 exd4 5. Nf3 Bb4+ 6. Bd2 Bxd2+ 7. Qxd2 Nc6
8. O-O Nf6 9. exd4 O-O 10. d5 Ne7 11. Nc3 Nf5 12. Bb3 Nd6 13. Rac1 Bf5 14. Rfd1
Re8 15. Nd4 Be4 16. f3 Bg6 17. Ncb5 Re7 18. Re1 Rxe1+ 19. Qxe1 Nxb5 20. Nxb5 c6
21. Nc3 Nxd5 22. Rd1 Qb6+ 23. Kh1 Nxc3 24. Qxc3 Re8 25. Qd2 h6 26. Re1 Rxe1+
27. Qxe1 Qd4 28. Qe2 Kf8 29. h3 Bd3 30. Qd2 c5 31. Qa5 c4 32. Qb4+ Ke8 33. Ba4+
Kd8 34. Qf8+ Kc7 35. Qxf7+ Kb6 36. b4 Qa1+ 37. Kh2 Qe5+ 38. Kh1 Qe1+ 39. Kh2
Qxb4 40. Bd7 Qd6+ 41. Kh1 Qe5 42. Bc8 Qc7 43. Qe6+ Qc6 44. Qe3+ Ka6 45. Be6 b5
46. Bf7 Qb6 47. Qc1 Qa5 48. Qb2 c3 49. Qb3 c2 50. Qe6+ Qb6 51. Qe1 Qc7 52. Qc1
Qxf7 53. Qa3+ Kb6 54. Qd6+ Kb7 0-1

[Event "DEM U18w 2014"]
[Site "Magdeburg GER"]
[Date "2014.06.14"]
[Round "9"]
[White "Krauße, Vanessa"]
[Black "Berger, Nadja"]
[Result "1/2-1/2"]
[Termination "normal"]
[Board "9"]
[WhiteElo "1587"]
[BlackElo "1797"]
[PlyCount "85"]
[WhiteFideId "12937991"]
[BlackFideId "24692212"]
[EventCountry "GER"]
[EventRounds "9"]
[EventType "swiss"]
[EventDate "2014.06.07"]

1. e4 c6 2. d4 d5 3. Nc3 dxe4 4. Nxe4 Nf6 5. Nxf6+ exf6 6. Nf3 Be6 7. g3 Na6 8.
Bg2 Bd6 9. O-O Nc7 10. Re1 Qd7 11. c4 O-O 12. b3 a5 13. Be3 Bb4 14. Bd2 Be7 15.
Qc2 Rfe8 16. Bc3 a4 17. Rad1 axb3 18. axb3 Bf5 19. Qd2 Be6 20. Nh4 g5 21. Nf3
Ra3 22. Qb2 Rea8 23. Ra1 Rxa1 24. Rxa1 Rxa1+ 25. Qxa1 h6 26. Nd2 Na6 27. Ne4 f5
28. Nd2 Bb4 29. Bxb4 Nxb4 30. Qa5 Qe7 31. d5 cxd5 32. cxd5 Bc8 33. Nc4 Nd3 34.
Qd2 Qe1+ 35. Qxe1 Nxe1 36. Nb6 Nxg2 37. Nxc8 Ne1 38. d6 Nf3+ 39. Kf1 Ne5 40.
Ne7+ Kf8 41. Nxf5 h5 42. Ke2 f6 43. f4 1/2-1/2

[Event "DEM U18w 2014"]
[Site "Magdeburg GER"]
[Date "2014.06.14"]
[Round "9"]
[White "Kreitmeier, Anika"]
[Black "Döpper, Anna Bérénice"]
[Result "0-1"]
[Termination "normal"]
[Board "10"]
[WhiteElo "1332"]
[BlackElo "1576"]
[PlyCount "86"]
[WhiteFideId "12991775"]
[BlackFideId "1271853"]
[EventCountry "GER"]
[EventRounds "9"]
[EventType "swiss"]
[EventDate "2014.06.07"]

1. e4 e6 2. d4 d5 3. Nc3 Nf6 4. e5 Nfd7 5. f4 c5 6. Nf3 Nc6 7. Be3 a6 8. Qd2 b5
9. O-O-O Qb6 10. h4 cxd4 11. Nxd4 Bc5 12. Rh3 Bxd4 13. Bxd4 Qxd4 14. Qxd4 Nxd4
15. Rxd4 Bb7 16. Re3 O-O 17. g4 Rfe8 18. g5 Nb8 19. Rd2 Nc6 20. Rg3 Ne7 21. h5
Nf5 22. Rg1 Nh4 23. Be2 d4 24. Rxd4 Bf3 25. Rd3 Bxe2 26. Nxe2 Red8 27. Nd4 Rac8
28. Rh3 Rxd4 29. Rxh4 Rcc4 30. Rd1 Kf8 31. Rf1 Re4 32. Rg4 Rxe5 33. Rg3 Re2 34.
Rc3 Rxc3 35. bxc3 Rh2 36. Rd1 Ke7 37. Kb2 Rxh5 38. Rg1 Rh2 39. Rf1 h6 40. Rg1
g6 41. Kb3 h5 42. Re1 Rf2 43. Re4 h4 0-1

[Event "DEM U18w 2014"]
[Site "Magdeburg GER"]
[Date "2014.06.14"]
[Round "9"]
[White "Rahimi, Rozafa"]
[Black "Schlichter, Lisa"]
[Result "1-0"]
[Termination "normal"]
[Board "11"]
[WhiteElo "1669"]
[BlackElo "1654"]
[PlyCount "107"]
[WhiteFideId "24692280"]
[BlackFideId "12926396"]
[EventCountry "GER"]
[EventRounds "9"]
[EventType "swiss"]
[EventDate "2014.06.07"]

1. d4 d5 2. Nf3 Nf6 3. Bf4 e6 4. e3 c5 5. c3 Nc6 6. Nbd2 Bd6 7. Ne5 Qe7 8. Bb5
Bd7 9. Qa4 Bxe5 10. dxe5 Nh5 11. Nf3 Nxf4 12. Qxf4 O-O 13. Bd3 f6 14. Qh4 g6
15. g4 fxe5 16. Qxe7 Nxe7 17. Nxe5 Be8 18. Ke2 Nc6 19. f4 Rd8 20. Rhf1 Kg7 21.
Rad1 a6 22. c4 Nb4 23. Be4 Nxa2 24. cxd5 Bb5+ 25. Bd3 Bxd3+ 26. Nxd3 Rxd5 27.
e4 Rdd8 28. Nxc5 Rxd1 29. Nxe6+ Kf7 30. Ng5+ Ke7 31. Kxd1 h6 32. Nh3 Nb4 33.
Ke2 Nc6 34. Rd1 Ke6 35. f5+ gxf5 36. gxf5+ Ke7 37. Nf4 Ne5 38. Rd5 Kf6 39. Rxe5
Kxe5 40. Ng6+ Kxe4 41. Nxf8 Kxf5 42. Nd7 a5 43. Nb6 Ke4 44. Nc4 a4 45. Nb6 Kd4
46. Nxa4 Kc4 47. Ke3 b5 48. Nc3 b4 49. Na4 Kb3 50. Nc5+ Kc4 51. Na6 b3 52. Ke4
Kb5 53. Nc7+ Kc6 54. Ne6 1-0